Impossible Stranger Things Quiz - Statistics

General Stats
  • This quiz has been taken 295 times
  • The average score is 9 of 28
Answer Stats
Hint Answer % Correct
What is the name of Mike's younger sister Holly
96%
Which of the boys dresses up as the Ghostbuster Stantz for Halloween Dustin
72%
When Joyce traces the mind flayer on the TV, what colour crayon does she use Blue
63%
How many quarters does Lucas get for the arcade 20
58%
What is the name of the Russian prison Guard who helps Hopper escape Enzo
56%
What animal does eleven kill while living in the woods Squirrel
56%
What is the name of Hawkins school basketball team Tigers
55%
What is the name of the arcade manager Keith
48%
Who did Barb's parents hire to investigate their daughters disappearance Murray Bauman
47%
What is Terry Ives sisters name Becky
45%
Where do Joyce and Hopper find WIll in the Upside Down Library
29%
What is the name of the general store Joyce works at Melvalds
25%
What was the name of the clown Bob had nightmares about Mr Baldo
25%
Who does Hopper commandeer a vehicle from Todd
23%
What prize does Alexei win at the fair Woody Woodpecker
23%
Who does Dustin first ask to dance Stacey
20%
What song is playing in Billy's car when he first pulls into school Rock You Like a Hurricane
18%
What game does Dustin first play in the arcade Dragons Lair
17%
What is the name of Barbara's mother Marsha
17%
Jonathan asks Will who he would rather hang out with. David Bowie or.. Kenny Rogers
15%
What is Madmax's highscore on Digdug 751300
14%
What film is listed on the cinema billboard in the first episode of season 2 The Terminator
13%
What secret codename does Hopper give to the phone operator Antique Chariot
12%
What monster appears in the D&D game at the end of season 1 Thessalhydra
12%
What does Joyce say is her secret codename Wheelbarrow
12%
The Hawkins Post has been running since what year 1947
10%
What is the license plate number on Billy's car PCE 235
5%
When Alexei tries to escape in the car, the song 'Neutron Dance' is playing, which featured in which very popular 80s movie franchise Beverly Hills Cop
3%
No matching quizzes found
Score Distribution
Percent of People with Each Score
Percentile by Number Answered
Your Score History
You have not taken this quiz